[Event "Leer op"]
[Site "Leer"]
[Date "2024.11.02"]
[Round "5"]
[White "Meyer, Thorsten1"]
[Black "Weirauch, Kevin"]
[Result "1/2-1/2"]
[WhiteElo "1971"]
[BlackElo "1850"]
[PlyCount "36"]
[EventDate "2024.10.31"]
[EventType "swiss"]
[EventRounds "7"]
[EventCountry "GER"]
[SourceTitle "CB45_2024"]
[Source "ChessBase"]
[SourceDate "2024.11.06"]
[SourceVersion "1"]
[SourceVersionDate "2024.11.06"]
[SourceQuality "1"]

1. e4 e5 2. Nf3 Nf6 3. Nc3 Nc6 4. d3 Bc5 5. Be3 Bxe3 6. fxe3 d5 7. exd5 Nxd5 8. Qd2 0-0 9. 0-0-0 Be6 10. e4 Nde7 11. Ng5 Bg4 12. Be2 Bxe2 13. Nxe2 Nd4 14. Rhf1 Ng6 15. Nxd4 Qxd4 16. Nf3 Qa4 17. Kb1 Qd7 18. Qc3 Qe7 1/2-1/2

[Event "Leer op"]
[Site "Leer"]
[Date "2024.11.01"]
[Round "4"]
[White "Weirauch, Kevin"]
[Black "Goldmann, David"]
[Result "0-1"]
[WhiteElo "1850"]
[BlackElo "1980"]
[PlyCount "74"]
[EventDate "2024.10.31"]
[EventType "swiss"]
[EventRounds "7"]
[EventCountry "GER"]
[SourceTitle "CB45_2024"]
[Source "ChessBase"]
[SourceDate "2024.11.06"]
[SourceVersion "1"]
[SourceVersionDate "2024.11.06"]
[SourceQuality "1"]

1. Nf3 c5 2. g3 b6 3. c4 Bb7 4. Bg2 Nf6 5. 0-0 d5 6. Ne5 Qc7 7. Qa4+ Nbd7 8. Nxd7 Qxd7 9. Qxd7+ Kxd7 10. Nc3 e6 11. d3 h6 12. Bf4 Bd6 13. Bxd6 Kxd6 14. e4 a6 15. Rfe1 dxe4 16. dxe4 Kc7 17. e5 Nd7 18. Bxb7 Kxb7 19. Rad1 Rad8 20. f4 Kc7 21. Ne4 Rhf8 22. Rd6 Nb8 23. Red1 Rd7 24. Kf2 Rc8 25. Ke3 Rxd6 26. Nxd6 Rf8 27. Ke4 Nc6 28. f5 exf5+ 29. Nxf5 Re8 30. Rd5 g6 31. Nxh6 f6 32. Nf7 Re7 33. Nd6 Nxe5 34. Kf4 Re6 35. Ne4 Nxc4 36. Nxc5 bxc5 37. Rxc5+ Rc6 0-1

[Event "Leer op"]
[Site "Leer"]
[Date "2024.10.31"]
[Round "1"]
[White "Jakob, Matthias"]
[Black "Weirauch, Kevin"]
[Result "0-1"]
[WhiteElo "2070"]
[BlackElo "1850"]
[PlyCount "70"]
[EventDate "2024.10.31"]
[EventType "swiss"]
[EventRounds "7"]
[EventCountry "GER"]
[SourceTitle "CB45_2024"]
[Source "ChessBase"]
[SourceDate "2024.11.06"]
[SourceVersion "1"]
[SourceVersionDate "2024.11.06"]
[SourceQuality "1"]

1. d4 Nf6 2. Nc3 d6 3. Bf4 g6 4. e3 Bg7 5. h4 h5 6. Qd2 Nbd7 7. 0-0-0 a5 8. Nf3 c6 9. e4 Ng4 10. Ng5 Nb6 11. f3 Nf6 12. Qe1 0-0 13. Be2 Qc7 14. g4 e5 15. dxe5 dxe5 16. Be3 Bh6 17. Qg1 Nbd7 18. Kb1 Bg7 19. Qg3 b5 20. f4 Nxg4 21. Bxg4 hxg4 22. f5 Nf6 23. Bc5 Re8 24. fxg6 fxg6 25. Nxb5 cxb5 26. Qb3+ Kh8 27. h5 gxh5 28. Rxh5+ Nxh5 29. Rh1 Ra6 30. Rxh5+ Rh6 31. Nf7+ Kh7 32. Nxh6 Bxh6 33. Be3 Re6 34. Qxb5 Qf7 35. Rh1 Qf3 0-1

[Event "Rheinland Pfalz op 14th"]
[Site "Neuwied"]
[Date "2024.05.31"]
[Round "3"]
[White "Weirauch, Kevin"]
[Black "Send, Sebastian"]
[Result "0-1"]
[WhiteElo "1840"]
[BlackElo "2125"]
[PlyCount "122"]
[EventDate "2024.05.30"]
[EventType "swiss"]
[EventRounds "7"]
[EventCountry "GER"]
[SourceTitle "EXT 2025"]
[Source "ChessBase"]
[SourceDate "2024.10.14"]
[SourceVersion "1"]
[SourceVersionDate "2024.10.14"]
[SourceQuality "1"]

1. Nf3 f5 2. d3 Nc6 3. e4 e5 4. g3 fxe4 5. dxe4 Nf6 6. Bg2 Bc5 7. 0-0 d6 8. Nc3 Be6 9. Bg5 h6 10. Bxf6 Qxf6 11. Nd5 Qf7 12. Ne1 a6 13. Nd3 Ba7 14. Kh1 h5 15. f4 h4 16. gxh4 0-0-0 17. fxe5 Qe7 18. N3f4 Rxh4 19. Nxe6 Qxe6 20. Rf4 Rh6 21. Qg4 Qxg4 22. Rxg4 g6 23. exd6 cxd6 24. Rf1 Ne5 25. Rg3 Rdh8 26. h3 Bd4 27. c3 Ba7 28. Rf6 Kd7 29. Nf4 Bf2 30. Rgxg6 Nxg6 31. Nxg6 Kc8 32. Rxd6 Bg3 33. Ne7+ Kc7 34. Rxh6 Rxh6 35. Nf5 Rg6 36. Nxg3 Rxg3 37. Kh2 Re3 38. h4 Kd6 39. e5+ Kxe5 40. Bxb7 Re2+ 41. Kg3 a5 42. b3 Rxa2 43. Bc6 Rc2 44. c4 Rc3+ 45. Kg4 Rxb3 46. h5 Rc3 47. Kg5 Rg3+ 48. Kh6 Kf6 49. Kh7 Kf7 50. Kh6 Rg1 51. Bd5+ Kf8 52. c5 Rc1 53. c6 Rc5 54. Be4 a4 55. c7 Rxc7 56. Bd5 Rg7 57. Bc4 a3 58. Bd5 Rg2 59. Kh7 Rg5 60. Bc4 Rxh5+ 61. Kg6 Rh2 0-1

[Event "Rheinland Pfalz op 14th"]
[Site "Neuwied"]
[Date "2024.05.30"]
[Round "2"]
[White "Thieme Garmann, Alexander"]
[Black "Weirauch, Kevin"]
[Result "0-1"]
[WhiteElo "2016"]
[BlackElo "1840"]
[PlyCount "88"]
[EventDate "2024.05.30"]
[EventType "swiss"]
[EventRounds "7"]
[EventCountry "GER"]
[SourceTitle "EXT 2025"]
[Source "ChessBase"]
[SourceDate "2024.10.14"]
[SourceVersion "1"]
[SourceVersionDate "2024.10.14"]
[SourceQuality "1"]

1. e4 c5 2. Be2 Nc6 3. f4 Nf6 4. d3 d6 5. c3 e6 6. Nf3 Be7 7. Na3 a6 8. 0-0 b5 9. Qe1 Bb7 10. Bd1 d5 11. e5 Nd7 12. Qg3 g6 13. d4 b4 14. Nc2 a5 15. Be2 Qc7 16. Be3 bxc3 17. bxc3 Ba6 18. Bxa6 Rxa6 19. h4 h5 20. Rab1 Rb6 21. Ng5 Nd8 22. dxc5 Nxc5 23. Rxb6 Qxb6 24. Qf2 0-0 25. g4 hxg4 26. h5 gxh5 27. Qh4 Kg7 28. Qxh5 Rh8 29. Qxg4 Kf8 30. Kg2 Qb2 31. Qe2 Qxc3 32. Bd4 Qd3 33. Qxd3 Nxd3 34. Rf3 Nxf4+ 35. Rxf4 Bxg5 36. Rg4 Be7 37. Ne1 Nc6 38. Bc3 Bb4 39. Bxb4+ Nxb4 40. a3 Nc6 41. Nf3 Rh5 42. Kg3 Nxe5 43. Nxe5 Rxe5 44. Ra4 d4 0-1